00654nam a2200217Ia 4500008004100000100001900041245009200060260001100152300002100163440004200184521000800226650001400234650001400248650001400262650001400276650001500290650002100305942000700326999001900333952008400352140626s9999 xx 000 0 und d aLin, Pei-Chao. aHospital nurse knowledge of and approach to dementia care /cPei-Chao Lin ... [et al.]. cc2013. a21 : 3, page 197 aThe Journal of Nursing Research (JNR) aNUR aApproach. aDelirium. aDementia. aHospital. aKnowledge. aPerson-centered. cSE c121404d121404 001040aCLbCLcPERd2014-06-26l0pS0512r2014-06-26 00:00:00w2014-06-26ySE